000 00744nam a22002417a 4500
003 UA-OsUOA
001 46394
007 ta
008 20120217b un ||||| |||| 00| 0 ukr d
100 _aНидерле Л.
090 _a94(367)
_bН60
942 _cBK
040 _aUA-OsUOA
_bukr
_cUA-OsUOA
_dUA-OsUOA
245 _aСлавянские древности
300 _a449 с.
955 _a4
041 _aukr
080 _a94(367)
260 _aМ.
_bИздательство иностранной литературы
_c1956
650 7 _a9 Географія. Біографії. Історія
_2UDC
999 _c426497
_d426497